Missing Letter from Country Name A-Z #2 - Statistics

General Stats
  • This quiz has been taken 109 times
  • The average score is 24 of 26
Answer Stats
Capital Letter Full Name % Correct
Canda A Canada
99%
Urkey T Turkey
99%
Marshal Islands L Marshall Islands
97%
Luembourg X Luxembourg
97%
Banglades H Bangladesh
96%
Slovaia K Slovakia
96%
Prtugal O Portugal
96%
Brkina Faso U Burkina Faso
96%
Frane C France
94%
Inland F Finland
94%
Hunary G Hungary
94%
Gabia M Gambia
94%
Latia V Latvia
94%
Veneuela Z Venezuela
94%
Ominica D Dominica
93%
Surinam E Suriname
93%
Gaon B Gabon
92%
Dibouti J Djibouti
92%
Comoos R Comoros
92%
Manmar Y Myanmar
92%
Saziland W Swaziland
85%
Atar Q Qatar
82%
Autralia S Australia
81%
Kiribat I Kiribati
76%
Neal P Nepal
76%
Turkmeistan N Turkmenistan
68%
No matching quizzes found
Score Distribution
Percent of People with Each Score
Percentile by Number Answered
Your Score History
You have not taken this quiz